Vedoucí v roli kouče

Koučovanie ako dobré vedenie ľudí. Činnosť, ktorá vyžaduje mnoho schopností, ktoré patria do oblasti moderného manažmentu ľudských zdrojov. Článok uvádza niekoľko lekcií ako koučovať manažérov. Príklady z manažérskej praxe.

Guardado en:
Detalles Bibliográficos
Formato: Capítulo de libro
Lenguaje:checo
Materias:
Etiquetas: Agregar Etiqueta
Sin Etiquetas, Sea el primero en etiquetar este registro!

MARC

LEADER 00000naa a2200000 4500
001 r026237
005 20230922084525.7
041 0 |a cze 
044 |a CZ 
245 1 0 |a Vedoucí v roli kouče 
520 |a Koučovanie ako dobré vedenie ľudí. Činnosť, ktorá vyžaduje mnoho schopností, ktoré patria do oblasti moderného manažmentu ľudských zdrojov. Článok uvádza niekoľko lekcií ako koučovať manažérov. Príklady z manažérskej praxe. 
610 2 0 |a manažéri 
610 2 0 |a vedenie ľudí 
610 2 0 |a koučovanie 
610 2 0 |a pracovníci vedúci 
610 2 0 |a správanie 
610 2 0 |a vedenie 
610 2 0 |a zdroje ľudské